00863nam a2200217 i 4500001000700000003000900007005001700016007000300033008004100036080001200077100003000089245018200119260007500301300002800376546005300404650005400457700002300511700003000534710005700564852002400621149393ES-MaACL20250902235301.0t|071015s1984 sp a |||| | spa d a626"15"1 aLastanosa, Pedro Juan de.14aLos veintiún libros de los ingenios y maquinas b= The twenty books of devices and of machines / cPseudo-Juanelo Turriano ; general introduction by J. Antonio García-Diego. aMadrid : bColegio de Ingenieros de Caminos, Canales y Puertos,c1984. a2 v. : bil. ; c24 cm. aTexto en español e introducción en inglés.14aIngeniería mecánica-vObras anteriores a 18001 aTurriano, Juanelo.1 aGarcía-Diego, José A.2 aColegio de Ingenieros de Caminos, Canales y Puertos. aES-MaACLjG-7149-50